000 01117nam a2200313 i 4500
003 EG-GICUC
005 20260221002846.0
008 260119s1988 ua j|||fr|||| 00| 0 ara d
040 _a EG-GICUC
_bara
_c EG-GICUC
_d EG-GICUC
_erda
041 0 _aAra
082 0 4 _221
_a343.81
_bث ق
092 0 4 _221
099 _aLaw1 10 343.81 ث ق 1988
245 2 _aالثقافة الأمنية /
264 1 _aالرياض :
_bالمركز العربى للدراسات الأمنية والتدريب،
_c1988.
300 _a374 صفحة :
_bجداول؛
_c24 سم.
336 _2rda content
_atext
337 _2rda media
_aComputer
338 _2rda carrier
_aOnline Resource
490 _aسلسلة محاضرات الموسم الثقافى الثانى
504 _aببليوجرافيا: صفحات369-378.
546 _aالنص باللغة العربية
650 1 _aعلم البوليس العلمى
_2qrmak
650 1 _aالقانون الجنائى
_2qrmak
651 1 _2qrmak
856 4 0 _uhttps://fll.law.cu.edu.eg/fulltext/bks/B10-07885.pdf
905 _a54
942 _2ddc
_cBK
_e21
_n0
999 _c57724
_d57724